LEADER 02212 am 2200493 n 450 001 9910568199003321 005 20220114 010 $a2-84867-913-1 024 7 $a10.4000/books.pufc.44795 035 $a(CKB)4100000012875415 035 $a(FrMaCLE)OB-pufc-44795 035 $a(oapen)https://directory.doabooks.org/handle/20.500.12854/86204 035 $a(PPN)263270971 035 $a(EXLCZ)994100000012875415 100 $a20220517j|||||||| ||| 0 101 0 $afre 135 $auu||||||m|||| 181 $ctxt$2rdacontent 182 $cc$2rdamedia 183 $acr$2rdacarrier 200 13$aLa Franche-Comté au temps des Archiducs Albert et Isabelle (1598-1633) 2ème édition /$fPaul Delsalle 210 $aBesançon $cPresses universitaires de Franche-Comté$d2022 215 $a1 online resource (324 p.) 225 1 $aPratiques & techniques 311 $a2-84867-084-3 330 $aL'histoire de la Franche-Comté à l'époque des Archiducs Albert et Isabelle (1598-1633) est méconnue. Ce recueil de documents variés, qui témoigne de la richesse des fonds d'archives, conservées dans les principales villes de la région, a pour objectif de susciter la recherche et de renouveler la connaissance de cette période. Il s'inscrit dans un programme d'études et de publications sur la Franche-Comté des Habsbourg L'auteur montre que la province était alors étroitement rattachée aux anciens Pays-Bas avant pour capitale Bruxelles. 517 $aFranche-Comtà au temps des Archiducs Albert et Isabelle 517 $aLa Franche-Comté au temps des Archiducs Albert et Isabelle 517 $aFranche-Comté au temps des Archiducs Albert et Isabelle 517 $aFranche-Comté au temps des Archiducs Albert et Isabelle 606 $aHistory 606 $ahistoire 606 $adidactiques 610 $ahistoire 610 $adidactiques 615 4$aHistory 615 4$ahistoire 615 4$adidactiques 700 $aDelsalle$b Paul$0167105 801 0$bFR-FrMaCLE 906 $aBOOK 912 $a9910568199003321 996 $aLa Franche-Comté au temps des Archiducs Albert et Isabelle (1598-1633) 2ème édition$93034510 997 $aUNINA